000
00471nam a2200145Ia 4500
008
100204s9999 xx 000 0 und d
082
_b
11587
100
_a
थोरे अशोक श्रीधर
245
_a
गोल्डन टास्क
260
_b
"आशिष प्रकाशन, पुणे"
_c
1989
300
_a
159
630
_a
गोल्डन टास्क
730
_a
गोल्डन टास्क
942
_c
BOOK
999
_c
456023
_d
456020